Robin Hobb: Bibliographie - Statistiques

Statistiques générales
  • Ce quiz a été pris 48 fois
  • Le résultat moyen est 10 sur 58
Statistiques - réponses
Année Livre % Correct
2014 Le Fou et l'Assassin
67%
1995 L'apprenti assassin
53%
2014 La Fille de l'Assassin
40%
1996 L'assassin du roi
40%
1997 Le Poison de la Vengeance
40%
2001 Le Prophète blanc
40%
1996 La Nef du Crépuscule
33%
1997 La Reine Solitaire
33%
1997 La Voie magique
33%
2017 Sur les rives de l'Art
33%
2001 La secte maudite
27%
2017 Le Destin de l'Assassin
27%
2003 Le Dragon des glaces
27%
2002 Les secrets de Castelcerf
27%
2003 L'Homme noir
27%
2003 Retour au Pays
27%
2003 Adieux et retrouvailles
20%
2015 En quête de vengeance
20%
2013 Le Prince bâtard
20%
2013 Le Puit d'Argent
20%
2015 Le Retour de l'assassin
20%
2000 Les Marches du trône
20%
1999 Brumes et Tempêtes
13%
2007 Danse de terreur
13%
2009 Dragons et Serpents
13%
1998 La Conquête de la liberté
13%
2005 La Déchirure
13%
2010 La Décrue
13%
2010 La Fureur du fleuve
13%
2006 La Magie de la Peur
13%
2005 Le Cavalier rêveur
13%
2006 Le Choix du soldat
13%
2006 Le Fils rejeté
13%
1998 Le Navire aux esclaves
13%
1988 Le Peuple des rennes
13%
2007 Le Renégat
13%
2009 Les Eaux acides
13%
2000 Le Seigneur des trois règnes
13%
2012 Les Gardiens des souvenirs
13%
1998 Le Vaisseau magique
13%
1983 Le vol des harpies
13%
2000 Ombres et Flammes
13%
1999 Prison d'eau et de bois
13%
2007 Racines
13%
2002 Serment et Deuils
13%
2011 Héritage et autres nouvelles
7%
1985 Le Dernier Magicien
7%
2012 Les Pillards
7%
1999 L'Eveil des eaux dormantes
7%
2013 Le Vol des dragons
7%
1992 Alien Earth
0%
1992 La nuit du prédateur
0%
1984 La Porte du Limbreth
0%
1991 Le Dieu dans l'ombre
0%
1988 Le Frère du loup
0%
1989 Les roues du destin
0%
1984 Les ventchanteuses
0%
2014 Liavek
0%
Aucun quiz correspondant
Distribution des résultats
% des personnes avec chaque résultat
Percentile par nombre de réponses
Votre historique - résultats
Vous n’avez pas pris ce quiz